Joseph Haydn. Ignaz Joseph Pleyel

Podrobná bibliografia
Hlavný autor: Jurkovič, Miloš, 1937- (Autor)
Korporatívny autor: Slovenský komorný orchester (Autor)
Ďalší autori: Kopelman, Jozef (roz), Alexander, Juraj, 1944- (roz), Koch, Lothar (roz), Thunemann, Klaus (roz), Tylšar, Zdeněk, 1945- (roz), Warchal, Bohdan, 1930-2000 (roz)
Médium: Kniha
Jazyk:slovenčina
Fyzický popis:1 s.
Vydavateľské údaje: Bratislava, Opus 1981.

MARC

LEADER 00000nam a2200000 a 4500
001 vtls001252248
003 SK-MaSNL
005 20260302032123.0
008 250414s1981 xo 0 slo
035 |a SNK000203067 
040 |a SNK  |b slo  |c SNK  |e AACR2 
041 0 |a slo 
044 |a xo  |c SK 
080 |a 785.7:787.1:787.3:788.7:788.8:788.41:788.5(086.7)  |2 1981 
080 |a 787.1  |2 1981 
080 |a 787.3  |2 1981 
080 |a 788.7  |2 1981 
080 |a 788.8  |2 1981 
080 |a 788.41  |2 1981 
080 |a 788.5(086.7)  |2 1981 
080 |a 788.5  |2 1981 
110 2 |a Slovenský komorný orchester  |4 aut  |9 98896 
245 0 0 |a Joseph Haydn. Ignaz Joseph Pleyel  |h Audiozáznam  |c Slovenský komorný orchester ; Jozef Kopelman, Juraj Alexander, Miloš Jurkovič, Lothar Koch, Klaus Thunemann, Zdeněk Tylšar, Bohdan Warchal 
260 |a Bratislava,  |b Opus  |c 1981. 
300 |a 1 s. 
366 |e 80 Kčs. 
500 |a Kompaktná platňa. Stereo. Má 2 skl. Notes Agata Schindlerová. Prel. Ján Albrecht, Olga Horská. Obal Igor Imro. Vytl. Opus, n.p., Bratislava. 
500 |a Na husliach hrá Jozef Kopelman, na violončele Juraj Alexander, na flaute Miloš Jurkovič, na hoboji Lothar Koch, na fagote Klaus Thunemann, na lesnom rohu Zdeněk Tylšar. Spoluúčinkuje Slovenský komorný orchester, dir. Bohdan Warchal. 
700 1 |a Kopelman, Jozef  |4 roz  |9 12664 
700 1 |a Alexander, Juraj,  |d 1944-  |4 roz  |9 102004 
700 1 |a Koch, Lothar  |4 roz  |9 559928 
700 1 |a Thunemann, Klaus  |4 roz  |9 680709 
700 1 |a Tylšar, Zdeněk,  |d 1945-  |4 roz  |9 182419 
700 1 |a Warchal, Bohdan,  |d 1930-2000  |4 roz  |9 99647 
700 1 |a Jurkovič, Miloš,  |d 1937-  |4 aut  |9 112721 
852 |a Slovenská národná knižnica 
954 |a komorná hudba  |a hudba pre husle  |a hudba pre violončelo  |a hudba pre hoboj  |a hudba pre fagot  |a hudba pre lesný roh  |a hudba pre flautu  |a sinfonie 
958 |a OND 
999 |c 1055085  |d 1057015 
952 |t P60, <03>, [BOOK], {603}  |a SNK  |b SNK  |y PREZ  |7 0  |p 17A0052910  |o snkSCD 35  |i snkGF 1108/89  |0 0  |1 0  |4 0  |d 1997-03-17  |l 0  |r 2005-01-01 00:00:00  |w 2026-02-24 
952 |a SNK  |b SNK  |y PREZ  |7 0  |p 17A0052911  |o snkSCD 35 D1  |i snkGF 1109/89  |0 0  |1 0  |4 0  |d 1997-03-17  |l 0  |r 2005-01-01 00:00:00  |w 2026-02-24